000
00297nam a2200121Ia 4500
008
220204s9999 xx 000 0 und d
082
_a
53(031)
_b
BES
245
0
_a
Encyclopedia of physics
250
_a
Ed.2
260
_a
New York
_b
Van Nostrand
_c
1974
700
_a
Besancon, Robert M
942
_c
BK
999
_c
27740
_d
27740